<?xml version="1.0" encoding="UTF-8"?>
<record
    xmlns:xsi="http://www.w3.org/2001/XMLSchema-instance"
    xsi:schemaLocation="http://www.loc.gov/MARC21/slim http://www.loc.gov/standards/marcxml/schema/MARC21slim.xsd"
    xmlns="http://www.loc.gov/MARC21/slim">

  <leader>00570nam a2200133Ia 4500</leader>
  <controlfield tag="008">150610s9999    xx            000 0 und d</controlfield>
  <datafield tag="020" ind1=" " ind2=" ">
    <subfield code="a">0 439403758</subfield>
  </datafield>
  <datafield tag="050" ind1=" " ind2=" ">
    <subfield code="a">BJ1661</subfield>
    <subfield code="b"> .C44 2002&#xA0;&#xA0;</subfield>
  </datafield>
  <datafield tag="245" ind1=" " ind2=" ">
    <subfield code="a">Chicken soup for the teenage soul III :&#xA0;</subfield>
    <subfield code="b">more stories&#xA0;of life, love, and learning  /</subfield>
    <subfield code="c">[compiled by] Jack&#xA0;Canfield, Mark Victor Hansen, Kimberly Kirberger.</subfield>
  </datafield>
  <datafield tag="260" ind1=" " ind2=" ">
    <subfield code="a">New York :</subfield>
    <subfield code="b">Scholastic,</subfield>
    <subfield code="c">2002.</subfield>
  </datafield>
  <datafield tag="300" ind1=" " ind2=" ">
    <subfield code="a">369pages :</subfield>
    <subfield code="b">illustrations ;</subfield>
    <subfield code="c">22 cm.</subfield>
  </datafield>
  <datafield tag="504" ind1=" " ind2=" ">
    <subfield code="a">Originally published: Deerfield Beach, Fla. : Health Communications, c2000.</subfield>
  </datafield>
  <datafield tag="520" ind1=" " ind2=" ">
    <subfield code="a">Teenagers.</subfield>
  </datafield>
  <datafield tag="999" ind1=" " ind2=" ">
    <subfield code="c">288196</subfield>
    <subfield code="d">288196</subfield>
  </datafield>
  <datafield tag="952" ind1=" " ind2=" ">
    <subfield code="0">0</subfield>
    <subfield code="1">0</subfield>
    <subfield code="4">0</subfield>
    <subfield code="a">SSISB</subfield>
    <subfield code="b">SSISB</subfield>
    <subfield code="c">HS</subfield>
    <subfield code="d">2015-06-10</subfield>
    <subfield code="l">0</subfield>
    <subfield code="o">BJ1661 .C44 2002&#xA0;&#xA0;</subfield>
    <subfield code="p">US-1122</subfield>
    <subfield code="r">2015-06-10 00:00:00</subfield>
    <subfield code="w">2015-06-10</subfield>
    <subfield code="y">BK</subfield>
  </datafield>
</record>
